|
|
|
|
| LEADER |
00000cam a2200000 a 4500 |
| 001 |
033843 |
| 003 |
UAHC_CL |
| 005 |
20170803123657.0 |
| 008 |
091130s1992 cl 000 spa |
| 040 |
|
|
|a UAHC_CL
|c UAHC_CL
|d UAHC_CL
|
| 082 |
0 |
4 |
|a FLACSO 0-848
|
| 100 |
1 |
|
|a Garretón M., Manuel Antonio
|d 1943-
|
| 245 |
1 |
0 |
|a Estado y política cultural :
|b fundamentos de una nueva institucionalidad /
|c Manuel Antonio Garretón.
|
| 260 |
|
|
|b FLACSO
|a Santiago, Chile
|c 1992
|
| 300 |
|
|
|a 24 p.
|
| 490 |
0 |
|
|a Educación y cultura
|v 28
|
| 651 |
|
4 |
|a CHILE
|x POLITICA CULTURAL
|
| 900 |
|
|
|a FLACSO 0-848
|
| 942 |
|
|
|c BK
|
| 952 |
|
|
|0 0
|1 0
|4 0
|6 FLACSO_0848
|7 0
|8 General
|9 64636
|a BC
|b BC
|c General
|d 2017-08-03
|l 0
|o FLACSO 0-848
|p 1375357
|r 2019-01-08 00:00:00
|t 1
|w 2017-08-03
|y BK
|
| 999 |
|
|
|c 33843
|d 33843
|